Development in biological standardization: Vol.75 - Virological aspects of the safety of biological products

Enregistré dans:
Détails bibliographiques
Format: Livre
Langue:Undetermined
Publié: Switzerland Médecine et Hygiène 1991
Sujets:
Tags: Ajouter un tag
Pas de tags, Soyez le premier à ajouter un tag!
Thư viện lưu trữ: Trung tâm Học liệu Trường Đại học Cần Thơ
LEADER 00523nam a2200157Ia 4500
001 CTU_21645
008 210402s9999 xx 000 0 und d
082 |a 615.372 
082 |b G226/Vol.75 
245 0 |a Development in biological standardization: Vol.75 - Virological aspects of the safety of biological products 
260 |a Switzerland 
260 |b Médecine et Hygiène 
260 |c 1991 
650 |a drugs,pharmacology,vaccines 
904 |i Minh, 980116 
980 |a Trung tâm Học liệu Trường Đại học Cần Thơ